[Event "Tourn. n9102"]
[Site "www.chess-mail.com"]
[Date "2017.01.25"]
[Round "1"]
[White "Azulmarino"]
[Black "Lachouette"]
[WhiteElo "1620"]
[BlackElo "1670"]
[Result "0-1"]
[Round "1"]
1.e4 e5
2.f3 d6
3.d4 Nb8d7
4.c4 Nd7f6
5.Nb1c3 Ng8e7
6.d5 c5
7.Bc1g5 h6
8.Bg5e3 g5
9.Nc3b5 b6
10.Qd1a4 Bf8g7
11.Nb5xd6 Kf8
12.Nd6f5 Ne7xf5
13.exf5 Nf6h5
14.Ra1d1 Bc8xf5
15.d6 Nh5f4
16.g3 Nf4e6
17.Ng1e2 Ne6d4
18.Ne2xd4 exd4
19.Be3d2 Qd8xd6
20.Qa4a6 Ra8e8
21.Bf1e2 d3
22.Kf2 Re8xe2
23.Kf1 Bf5h3
24.Kg1 Qd6d4
{ resign }
0-1

[Event "Tourn. n9184"]
[Site "www.chess-mail.com"]
[Date "2017.01.25"]
[Round "1"]
[White "Bojan"]
[Black "Actmy"]
[WhiteElo "2000"]
[BlackElo "2090"]
[Result "0-1"]
[Round "1"]
1.e4 Ng8f6
2.e5 Nf6d5
3.d4 d6
4.exd6 cxd6
5.c4 Nd5b6
6.Bc1d2 Nb8c6
7.d5 Nc6e5
8.b3 e6
9.dxe6 Bc8xe6
10.Bd2c3 Ne5c6
11.Bf1e2 d5
12.cxd5 Nb6xd5
13.Bc3b2 Bf8b4
14.Nb1d2 Nd5f4
15.g3 Nf4d3
16.Be2xd3 Qd8xd3
17.Bb2xg7 O-O-O
18.Ng1f3 Rh8e8
19.Ra1c1 Be6xb3
{ resign }
0-1

[Event "Tourn. n9077"]
[Site "www.chess-mail.com"]
[Date "2017.01.25"]
[Round "1"]
[White "Seger"]
[Black "Szustan"]
[WhiteElo "2820"]
[BlackElo "2650"]
[Result "1-0"]
[Round "1"]
1.d4 d5
2.c4 dxc4
3.Nb1c3 Ng8f6
4.Ng1f3 a6
5.e4 b5
6.e5 Nf6d5
7.a4 Nd5xc3
8.bxc3 Bc8b7
9.e6 f6
10.Bf1e2 g6
11.O-O Bf8g7
12.Nf3d2 Bb7d5
13.Be2f3 c6
14.Nd2e4 O-O
15.Ne4c5 a5
16.axb5 cxb5
17.Bc1f4 a4
18.Qd1e2 Bd5xf3
19.Qe2xf3 Ra8a7
20.Rf1b1 Nb8a6
21.Rb1xb5 Na6xc5
22.dxc5 Qd8d3
23.c6 Qd3xf3
24.gxf3 g5
25.Bf4b8 Ra7a6
26.c7 Rf8c8
27.Rb5d5 Ra6d6
28.Rd5xd6 exd6
29.Ra1xa4 f5
30.Ra4a8 { resign }
1-0

[Event "Match"]
[Site "www.echecsemail.com"]
[Date "2017.01.25"]
[Round "1"]
[White "Billyg"]
[Black "Momahony"]
[WhiteElo "1670"]
[BlackElo "1699"]
[Result "0-1"]
[Round "1"]
1.e4 e6
2.Ng1f3 d5
3.e5 c5
4.d4 Nb8c6
5.Bf1b5 Qd8b6
6.Bb5xc6 bxc6
7.O-O Ng8e7
8.Bc1e3 Qb6xb2
9.Nb1d2 Ne7f5
10.dxc5 Qb2a3
11.Nd2b1 Nf5xe3
12.Qd1e2 Qa3b2
13.Nb1d2 Ne3xf1
14.Qe2xf1 Bf8xc5
15.Nd2b3 Bc5b6
16.Qf1d1 O-O
17.a4 Bc8a6
18.Ra1b1 Qb2c3
19.Nb3d2 Ra8b8
20.Rb1b3 Qc3c5
21.Rb3e3 Qc5b4
22.Re3b3 Qb4xa4
23.Qd1b1 Bb6c7
24.Rb3xb8 Rf8xb8
25.Qb1d1 Ba6d3
26.Nd2b3 Bd3xc2
27.Qd1xc2 Rb8xb3
28.h3 Qa4a1
29.Kh2 Bc7xe5
30.Nf3xe5 Qa1xe5
31.g3 Rb3b2
32.Qc2c5 a5
33.Kg1 Rb2b1
34.Kh2 Qe5e4
{ resign }
0-1

[Event "Match"]
[Site "www.echecsemail.com"]
[Date "2017.01.25"]
[Round "1"]
[White "Coolant"]
[Black "Fangshuo"]
[WhiteElo "1499"]
[BlackElo "2110"]
[Result "1-0"]
[Round "1"]
1.Nb1c3 c5
2.Ng1f3 Nb8c6
3.g3 Ng8f6
4.Bf1g2 e6
5.O-O d5
6.d3 Bf8e7
7.Rf1e1 O-O
8.e4 d4
9.Nc3e2 e5
10.h3 h5
11.Kh2 Nf6h7
12.Re1f1 a5
13.Nf3g1 Ra8a6
14.f4 exf4
15.gxf4 f5
16.Ng1f3 fxe4
17.dxe4 Nh7f6
18.Nf3g5 Qd8d7
19.e5 Nf6d5
20.c4 Nd5c7
21.Ng5e4 Nc7e6
22.f5 Ne6c7
23.e6 Qd7d8
24.Ne2g3 Nc6e5
25.Qd1xh5 Ne5xc4
26.Bc1g5 Nc7d5
27.f6 Nd5xf6
28.Rf1xf6 Be7xf6
29.Bg5xf6 Rf8xf6
30.Ne4xf6 Qd8xf6
31.Ra1f1 Qf6e7
32.Rf1f7 Qe7xe6
33.Bg2d5 Qe6xh3
34.Qh5xh3 Bc8xh3
35.Bd5xc4 Ra6h6
36.Rf7f6 Kh7
37.Rf6xh6 { resign }
1-0

[Event "Match"]
[Site "www.echecsemail.com"]
[Date "2017.01.25"]
[Round "1"]
[White "Luzhin"]
[Black "Pdebonis"]
[WhiteElo "2180"]
[BlackElo "1759"]
[Result "0-1"]
[Round "1"]
1.e4 e5
2.Ng1f3 Nb8c6
3.Bf1b5 a6
4.Bb5xc6 dxc6
5.O-O Bc8g4
6.h3 Bg4h5
7.d3 Bf8d6
8.c3 f6
9.Bc1e3 c5
10.a3 Ng8e7
11.Nb1d2 O-O
12.b4 cxb4
13.axb4 Qd8d7
14.Nd2c4 Rf8d8
15.Qd1e2 Ne7c6
16.Nc4xd6 Qd7xd6
17.Rf1d1 Qd6e6
18.g4 Bh5f7
19.Ra1a3 g5
20.Rd1a1 Ra8b8
21.Nf3e1 h5
22.f3 hxg4
23.fxg4 Nc6e7
24.Be3a7 Rb8c8
25.Ba7f2 Ne7g6
26.Ne1c2 Ng6f4
{ resign }
0-1

[Event "Match"]
[Site "www.echecsemail.com"]
[Date "2017.01.25"]
[Round "1"]
[White "Jobeye"]
[Black "Llord"]
[WhiteElo "1970"]
[BlackElo "1900"]
[Result "0-1"]
[Round "1"]
1.c4 e5
2.Nb1c3 Ng8f6
3.e3 Bf8c5
4.Ng1f3 e4
5.Nf3g5 O-O
6.Nc3xe4 Bc5e7
7.Ne4xf6 Be7xf6
8.Ng5e4 d6
9.d4 Bc8f5
10.Ne4c3 b6
11.Qd1f3 Bf5g6
 { time }
0-1

[Event "Match"]
[Site "www.echecsemail.com"]
[Date "2017.01.25"]
[Round "1"]
[White "Add"]
[Black "Pdebonis"]
[WhiteElo "2130"]
[BlackElo "2049"]
[Result "0-1"]
[Round "1"]
1.e4 c5
2.Ng1f3 d6
3.h3 Ng8f6
4.Nb1c3 Nb8c6
5.Bf1c4 e6
6.d4 d5
7.exd5 exd5
8.Bc4e2 Bf8e7
9.dxc5 Be7xc5
10.a3 O-O
11.Bc1g5 Bc8e6
12.O-O h6
13.Bg5h4 g5
14.Bh4g3 Nf6e4
15.Nc3xe4 dxe4
16.Nf3d2 f5
17.Bg3h2 e3
18.Be2c4 exf2
19.Kh1 Be6xc4
20.Nd2xc4 f4
21.Nc4d2 Qd8e7
22.Qd1f3 Bc5e3
23.Qf3d5 Kg7
24.Nd2e4 Ra8d8
25.Qd5c4 Rd8d4
{ resign }
0-1

[Event "Match"]
[Site "www.echecsemail.com"]
[Date "2017.01.25"]
[Round "1"]
[White "Ditto"]
[Black "Carazo"]
[WhiteElo "1880"]
[BlackElo "1750"]
[Result "1-0"]
[Round "1"]
1.e4 e5
2.Ng1f3 Nb8c6
3.Bf1c4 h6
4.Nb1c3 Bf8c5
5.d3 d6
6.O-O Bc8g4
7.Nc3b1  { time }
1-0

[Event "Match"]
[Site "www.echecsemail.com"]
[Date "2017.01.25"]
[Round "1"]
[White "Jobeye"]
[Black "Frisker"]
[WhiteElo "1809"]
[BlackElo "2340"]
[Result "0-1"]
[Round "1"]
1.g3 d5
2.Ng1f3 Ng8f6
3.d3 g6
4.b3 Bf8g7
5.Bc1b2 c5
6.Bf1g2 Nb8c6
7.e3 O-O
8.Nf3e5 Qd8d6
9.Ne5xc6 bxc6
10.O-O e5
11.Nb1d2 Bc8e6
12.h3 Ra8d8
13.Nd2f3 Nf6e8
14.Nf3g5 Be6c8
15.Bb2a3 Ne8c7
16.c3 Nc7b5
17.Ba3b2 Qd6e7
18.Ng5f3 e4
19.Nf3e1 Bg7xc3
20.Bb2xc3 Nb5xc3
 { time }
0-1

[Event "Match"]
[Site "www.echecsemail.com"]
[Date "2017.01.25"]
[Round "1"]
[White "Chapi"]
[Black "Ozana"]
[WhiteElo "2130"]
[BlackElo "2010"]
[Result "0-1"]
[Round "1"]
1.d4 Ng8f6
2.c4 e6
3.Nb1c3 Bf8b4
4.Bc1d2 O-O
5.Ng1f3 c5
6.a3 cxd4
7.Nf3xd4 Bb4xc3
8.Bd2xc3 d5
9.e3 Nb8c6
10.Bf1e2 Bc8d7
11.O-O dxc4
12.Be2xc4 Ra8c8
13.Nd4b5 Nf6e4
14.Bc3xg7 Kxg7
15.Qd1g4 Ne4g5
16.h4 f5
17.Qg4xg5 Qd8xg5
18.hxg5 Nc6e5
19.Bc4b3 Bd7xb5
20.Rf1d1 Bb5c4
21.Bb3xc4 Rc8xc4
22.Rd1d6 Rf8e8
23.f4 Ne5g4
24.Ra1e1 Re8e7
25.Rd6d2 e5
26.g3 exf4
27.gxf4 Rc4xf4
28.exf4 Re7xe1
29.Kg2 Kf7
30.Rd2d7 Re1e7
31.Rd7xe7 Kxe7
32.Kf3 Ke6
33.Ke2 Kd5
34.Kf3 Kd4
35.a4 a5
36.Kg3 Ke4
{ resign }
0-1

[Event "Match"]
[Site "www.echecsemail.com"]
[Date "2017.01.25"]
[Round "1"]
[White "Jobeye"]
[Black "Witpar"]
[WhiteElo "2149"]
[BlackElo "2630"]
[Result "0-1"]
[Round "1"]
1.e3 e5
2.c4 Ng8f6
3.d3 c6
4.Bc1d2 d5
5.cxd5 cxd5
6.Nb1c3 Nb8c6
7.Ng1f3 d4
8.exd4 exd4
9.Nc3e4 Bf8e7
10.Ne4xf6 Be7xf6
11.Bf1e2 O-O
12.O-O Rf8e8
13.Rf1e1 Bc8e6
14.h3 Be6d5
15.b3 Qd8d6
16.Ra1b1 Re8e6
17.g3 Qd6a3
 { time }
0-1

[Event "Match"]
[Site "www.echecsemail.com"]
[Date "2017.01.25"]
[Round "1"]
[White "Pdebonis"]
[Black "Gimmyg"]
[WhiteElo "1759"]
[BlackElo "2530"]
[Result "1-0"]
[Round "1"]
1.d4 g6
2.e4 Bf8g7
3.Nb1c3 c5
4.dxc5 Qd8a5
5.Bc1d2 Qa5xc5
6.Nc3d5 Nb8a6
7.Ng1f3 Bg7xb2
8.Ra1b1 Bb2g7
9.Bf1xa6 bxa6
10.O-O Kf8
11.Bd2b4 Qc5c6
12.e5 h5
13.c4 Bc8b7
14.Qd1b3 Qc6c8
15.Rf1d1 Bb7c6
16.Qb3a3 Bc6xd5
17.Rd1xd5 Qc8xc4
18.Rd5xd7 Bg7h6
19.Rb1d1 Kg7
20.Nf3d4 Ra8b8
21.Bb4xe7 Ng8xe7
22.Qa3xe7 Rh8f8
23.Nd4e6 Kg8
24.Ne6xf8 Bh6xf8
25.Qe7f6 Qc4xa2
26.g3 Rb8b1
27.Rd1xb1 Qa2xb1
28.Kg2 Qb1e4
29.f3 Qe4c4
30.Rd7d8 { resign }
1-0

[Event "1/128 Finale"]
[Site "www.chess-mail.com"]
[Date "2017.01.25"]
[Round "1"]
[White "Cristiano"]
[Black "Genius3"]
[WhiteElo "2180"]
[BlackElo "1850"]
[Result "1-0"]
[Round "1"]
1.e4 e6
2.d4 d5
3.Nb1d2 a6
4.Ng1f3 c5
5.dxc5 Bf8xc5
6.Bf1d3 Nb8c6
7.O-O Ng8e7
8.c3 Bc5b6
9.Qd1c2 Bc8d7
10.exd5 Ne7xd5
11.Nd2c4 Bb6c7
12.Rf1d1 O-O
13.Bd3xh7 Kh8
14.Bh7e4 Nd5f6
15.Bc1g5 Qd8c8
16.Bg5xf6 gxf6
17.Qc2d2 Kg7
18.Qd2xd7 Qc8xd7
19.Rd1xd7 Ra8c8
20.Ra1d1 Rf8d8
21.h4 Rd8xd7
22.Rd1xd7 { resign }
1-0

[Event "1/128 Finale"]
[Site "www.chess-mail.com"]
[Date "2017.01.25"]
[Round "1"]
[White "Yoj"]
[Black "Osopanda"]
[WhiteElo "1809"]
[BlackElo "1960"]
[Result "0-1"]
[Round "1"]
1.g3 d5
2.Bf1g2 e5
3.c3 Ng8f6
4.e4 Bf8e7
5.Ng1f3 Nb8c6
6.exd5 Nf6xd5
7.O-O O-O
8.Rf1e1 Be7f6
9.Qd1b3 Nd5b6
10.a4 Bc8e6
11.Qb3c2 Rf8e8
12.b4 Qd8d7
13.d3 Ra8d8
14.Re1d1 Nb6c4
15.b5 Nc4d6
16.bxc6 bxc6
17.Bc1g5 Qd7e7
18.Nf3xe5 Bf6xg5
19.Ne5xc6 Qe7d7
20.Nc6xd8 Qd7xd8
21.Nb1a3 Qd8f6
22.Rd1e1 g6
23.Na3b5 Nd6xb5
24.axb5 Kg7
25.Ra1xa7 Qf6d8
26.Re1a1 Qd8d6
27.Ra1a6 Qd6e5
28.h4 Bg5f6
29.d4 Qe5xb5
30.Bg2c6 Be6f5
31.Bc6xb5 Re8e1
32.Kg2 Bf5xc2
33.Ra7xc7 Re1c1
34.Ra6a7 Bc2b3
35.Bb5e8 Bb3d5
36.Kh2 Rc1h1
{ resign }
0-1

[Event "Eq:Equipo Juan Diaz-La Taverne : "]
[Site "www.chess-mail.com"]
[Date "2017.01.25"]
[Round "1"]
[White "Yomismista"]
[Black "Guidom"]
[WhiteElo "2500"]
[BlackElo "2050"]
[Result "1-0"]
[Round "1"]
1.d4 d5
2.c4 Ng8f6
3.cxd5 Qd8xd5
4.Nb1c3 Qd5a5
5.Ng1f3 e6
6.Bc1d2 Bf8b4
7.e4 c6
8.Bf1d3 O-O
9.e5 Nf6d5
10.Bd3xh7 Kxh7
11.Nf3g5 Kg6
12.Qd1g4 f5
13.Qg4h4 f4
14.Qh4h7 Kxg5
15.h4 Kg4
16.Qh7g6 { resign }
1-0

[Event "Fast Game"]
[Site "www.echecsemail.com"]
[Date "2017.01.25"]
[Round "1"]
[White "Cal"]
[Black "Genius3"]
[WhiteElo "1680"]
[BlackElo "1559"]
[Result "1-0"]
[Round "1"]
1.c4 e6
2.a3 d5
3.cxd5 exd5
4.d4 Ng8f6
5.h3 Bf8d6
6.Ng1f3 O-O
7.Nb1c3 c6
8.b4 a5
9.e3 axb4
10.Nc3e2 bxa3
11.Ne2c3 Rf8e8
12.Bf1d3 Bd6b4
13.Bc1d2 Bb4xc3
14.Bd2xc3 Nb8a6
15.Ra1xa3 Nf6e4
16.Bd3xe4 Re8xe4
17.O-O Na6c7
18.Bc3a5 Re4e7
19.Ba5xc7 Re7xc7
20.Ra3xa8 g6
21.Nf3e5 Rc7e7
22.f4 Re7e8
23.Rf1f3 Qd8e7
24.Rf3g3 { resign }
1-0

[Event "Fast Game"]
[Site "www.echecsemail.com"]
[Date "2017.01.25"]
[Round "1"]
[White "Lucaschess"]
[Black "Pellix84"]
[WhiteElo "1599"]
[BlackElo "1650"]
[Result "1-0"]
[Round "1"]
1.e4 c5
2.Nb1c3 Nb8c6
3.f4 e6
4.Bf1b5 Qd8c7
5.d3 Ng8e7
6.Ng1f3 Ne7g6
7.e5 Bf8e7
8.O-O h5
9.Bc1e3 O-O
{ time. }
1-0

[Event "Tourn. n9116"]
[Site "www.chess-mail.com"]
[Date "2017.01.26"]
[Round "1"]
[White "Greghghs"]
[Black "Jazzy"]
[WhiteElo "2290"]
[BlackElo "2360"]
[Result "1-0"]
[Round "1"]
1.e4 d6
2.d4 Nb8d7
3.Ng1f3 g6
4.Bf1c4 c6
5.O-O Bf8g7
6.Bc4b3 h6
7.Nb1c3 e5
8.Bc1e3 Ng8f6
9.h3 O-O
10.dxe5 Nd7xe5
11.Nf3xe5 dxe5
12.Qd1c1 Kh7
13.Be3c5 Qd8c7
14.Bc5xf8 Bg7xf8
15.Qc1e3 b6
16.Ra1d1 Bc8a6
17.Rf1e1 Kg7
18.Rd1d2 Bf8c5
19.Qe3f3 Ra8d8
20.Rd2xd8 Qc7xd8
21.Re1d1 Qd8c7
22.a3 b5
23.Nc3e2 Ba6c8
24.Ne2c1 a5
25.Nc1d3 Bc5a7
26.c3 c5
27.Bb3d5 c4
28.Nd3e1 Ba7c5
29.Ne1c2 Nf6xd5
30.Rd1xd5 Bc8b7
31.Rd5d2 Bb7c6
32.Nc2e3 f5
33.Ne3d5 Qc7f7
34.a4 Qf7e6
35.axb5 Bc6xd5
36.Rd2xd5 Bc5b6
37.Qf3d1 { resign }
1-0

[Event "Tourn. n9127"]
[Site "www.chess-mail.com"]
[Date "2017.01.26"]
[Round "1"]
[White "Jazzy"]
[Black "Rons"]
[WhiteElo "2360"]
[BlackElo "2560"]
[Result "0-1"]
[Round "1"]
1.e4 c5
2.Ng1f3 d6
3.d4 cxd4
4.Nf3xd4 Ng8f6
5.Nb1c3 a6
6.Bf1e2 e5
7.Nd4f3 Bf8e7
8.O-O O-O
9.Bc1g5 Nb8d7
10.Qd1d2 b5
11.b4 h6
12.Bg5xf6 Nd7xf6
13.a4 Bc8d7
14.axb5 axb5
15.Qd2d3 Bd7c6
16.Qd3e3 Qd8d7
17.Be2d3 Qd7b7
18.Ra1b1 Ra8a3
19.Rb1b3 Ra3a6
20.Rf1e1 Rf8a8
21.Nf3h4 g6
22.Nh4f3 Ra6a1
23.Re1b1 Ra1xb1
24.Rb3xb1 Ra8a3
25.Qe3e1 Be7d8
26.Qe1d2 Bd8b6
27.Rb1f1 Kg7
28.Rf1e1 Nf6g4
29.Nc3d1 Ra3a1
30.Re1f1 f5
31.Nd1c3 Ng4xf2
{ resign }
0-1

[Event "Tourn. n9143"]
[Site "www.chess-mail.com"]
[Date "2017.01.26"]
[Round "1"]
[White "Norlavuaram"]
[Black "Julian"]
[WhiteElo "2160"]
[BlackElo "2000"]
[Result "1-0"]
[Round "1"]
1.e4 g6
2.d4 Bf8g7
3.c4 a6
4.Nb1c3 d6
5.Ng1f3 Bc8g4
6.Bf1e2 Nb8d7
7.O-O e5
8.d5 Ng8e7
9.h3 Bg4xf3
10.Be2xf3 O-O
11.a3 f5
12.Ra1b1 f4
13.Bc1d2 Nd7f6
14.b4 g5
15.Bf3g4 Nf6xg4
16.Qd1xg4 Ne7g6
17.Qg4d1 Qd8d7
18.f3 h5
19.a4 Kh7
20.b5 axb5
21.axb5 Ng6h8
22.Qd1c2 Nh8f7
23.Rb1a1 Nf7h6
24.Rf1b1 Ra8xa1
25.Rb1xa1 g4
26.Ra1a7 gxf3
27.Ra7xb7 fxg2
28.Kxg2 Rf8g8
29.Kh2 Bg7f6
30.b6 Bf6d8
31.bxc7 Bd8xc7
32.Nc3b5 Rg8g7
33.Rb7xc7 Qd7d8
34.Bd2a5 Rg7xc7
35.Ba5xc7 Qd8h4
36.Qc2g2 Nh6f7
37.Nb5xd6 Nf7g5
38.Nd6f5 f3
39.Nf5xh4 fxg2
40.Kxg2 Ng5xe4
41.Bc7xe5 { resign }
1-0

[Event "Tourn. n9139"]
[Site "www.chess-mail.com"]
[Date "2017.01.26"]
[Round "1"]
[White "Julian"]
[Black "Luban"]
[WhiteElo "2000"]
[BlackElo "2060"]
[Result "0-1"]
[Round "1"]
1.e4 c5
2.Ng1f3 d6
3.c3 Bc8g4
4.Bf1e2 Bg4xf3
5.Be2xf3 Nb8c6
6.d4 cxd4
7.cxd4 e6
8.Nb1c3 h6
9.O-O Ng8f6
10.Rf1e1 Bf8e7
11.e5 dxe5
12.dxe5 Qd8xd1
13.Re1xd1 Nf6d7
14.Bf3xc6 bxc6
15.Bc1f4 Nd7b6
16.Ra1c1 Nb6d5
17.Bf4g3 O-O
18.Nc3xd5 cxd5
19.Rc1c7 Rf8e8
20.Rd1c1 a5
21.Rc7b7 Ra8c8
22.Rc1xc8 Re8xc8
23.h3 Be7c5
24.Rb7b5 Bc5d4
25.Rb5xa5 Bd4xb2
26.Kh2 d4
27.a4 d3
28.Ra5b5 d2
29.Rb5xb2 d1Q
{ resign }
0-1

[Event "Tourn. n9143"]
[Site "www.chess-mail.com"]
[Date "2017.01.26"]
[Round "1"]
[White "Hundegana"]
[Black "Julian"]
[WhiteElo "2010"]
[BlackElo "2000"]
[Result "1-0"]
[Round "1"]
1.f4 g6
2.e4 Bf8g7
3.c3 c5
4.g3 Nb8c6
5.Bf1g2 d6
6.Ng1f3 e5
7.d3 Ng8e7
8.O-O Bc8g4
9.h3 Bg4d7
10.a3 O-O
11.Bc1e3 f5
12.Nb1d2 exf4
13.Be3xf4 Nc6e5
14.Nf3xe5 dxe5
15.Bf4e3 Ra8c8
16.c4 Bd7e6
17.Qd1c2 f4
18.gxf4 exf4
19.Be3xf4 Qd8d4
20.Kh1 Rc8d8
21.Bf4g5 Rf8xf1
22.Ra1xf1 Rd8d7
23.Nd2b3 Qd4e5
24.Bg5f4 Qe5xb2
25.Qc2xb2 Bg7xb2
26.Nb3xc5 { resign }
1-0

[Event "Tourn. n9108"]
[Site "www.chess-mail.com"]
[Date "2017.01.26"]
[Round "1"]
[White "Roserl"]
[Black "Jobeye"]
[WhiteElo "2120"]
[BlackElo "2359"]
[Result "1-0"]
[Round "1"]
1.e4 e5
2.Ng1f3 Ng8f6
3.Nf3xe5 Bf8c5
4.d4 Nf6xe4
5.dxc5 Qd8e7
6.Qd1e2 Qe7xe5
7.f3 O-O
8.fxe4 Qe5xc5
9.Nb1c3 Rf8e8
10.Bc1e3 Qc5b4
11.O-O-O Nb8c6
12.Qe2c4 Qb4xc4
13.Bf1xc4 Nc6e5
14.Bc4d3 b6
15.Nc3d5 Ra8b8
16.Nd5xc7  { time }
1-0

[Event "Tourn. n9152"]
[Site "www.chess-mail.com"]
[Date "2017.01.26"]
[Round "1"]
[White "Pariolinius"]
[Black "Falcoale"]
[WhiteElo "1910"]
[BlackElo "1940"]
[Result "1-0"]
[Round "1"]
1.d4 Ng8f6
2.Bc1f4 e6
3.Ng1f3 b6
4.e3 Bc8b7
5.Bf1e2 Bf8e7
6.O-O O-O
7.Nb1d2 d6
8.c4 Nb8d7
9.h3 c5
10.Nd2b3 Nf6e4
11.Nb3d2 f5
12.Qd1c2 Ra8c8
13.Be2d3 Ne4xd2
14.Qc2xd2 Bb7xf3
15.gxf3 cxd4
16.exd4 e5
17.dxe5 dxe5
18.Bf4h2 Nd7c5
19.Rf1d1 Qd8e8
20.Bd3c2 Qe8g6
21.Kh1 Be7g5
22.Qd2d5 Kh8
23.Bh2xe5 Qg6h5
24.Kh2 Rf8d8
25.Be5xg7 Kxg7
26.Qd5xf5 Rd8f8
27.Qf5e5 Kg8
28.Rd1g1 h6
29.Qe5d5 Kh8
30.Qd5e5 Bg5f6
31.Qe5xh5 Bf6g7
32.Qh5g6 { resign }
1-0

[Event "Tourn. n9062"]
[Site "www.chess-mail.com"]
[Date "2017.01.26"]
[Round "1"]
[White "Susov"]
[Black "Falcoale"]
[WhiteElo "1860"]
[BlackElo "1870"]
[Result "0-1"]
[Round "1"]
1.e4 c5
2.Ng1f3 Ng8f6
3.e5 Nf6d5
4.Bf1c4 e6
5.Bc4xd5 exd5
6.d4 d6
7.Qd1e2 Bf8e7
8.O-O O-O
9.Bc1f4 Bc8g4
10.Nb1c3 dxe5
11.Bf4xe5 f6
12.Be5g3 Nb8c6
13.Ra1d1 Rf8e8
14.h3 Bg4h5
15.Bg3f4 Nc6xd4
16.Qe2d3 Nd4xf3
17.gxf3 Bh5f7
18.Nc3xd5 Qd8c8
19.Nd5xe7 Re8xe7
20.c4 b6
21.Rf1e1 Re7xe1
22.Rd1xe1 Qc8xh3
23.Bf4g3 Qh3c8
24.b3 Qc8d8
25.Qd3c2 Bf7h5
26.Re1e3 Bh5g6
27.Qc2e2 Qd8d7
28.Re3e7 Qd7d4
29.f4 h6
30.Qe2e3 Qd4a1
31.Kg2 Ra8d8
32.a4 Qa1d4
33.Re7xa7 Qd4xe3
34.fxe3 Rd8d3
35.Ra7b7 Bg6e4
36.Kf2 Rd3xb3
37.Rb7b8 Kh7
38.Ke2 Be4d3
39.Kf3 Bd3xc4
40.Bg3e1 Bc4d5
41.Ke2 Bd5c4
42.Kf3 b5
43.a5 b4
44.Rb8a8 Bc4d5
{ resign }
0-1

[Event "Tourn. n9051"]
[Site "www.chess-mail.com"]
[Date "2017.01.26"]
[Round "1"]
[White "Fabos12"]
[Black "Panham"]
[WhiteElo "2080"]
[BlackElo "2200"]
[Result "0-1"]
[Round "1"]
1.d4 Ng8f6
2.c4 e6
3.Nb1c3 Bf8b4
4.Ng1f3 O-O
5.Bc1g5 d5
6.cxd5 exd5
7.e3 Bc8f5
8.Bf1d3 Bf5xd3
9.Qd1xd3 Nb8d7
10.Ra1c1 c6
11.O-O Rf8e8
12.Rf1e1 Qd8c7
13.a3 Bb4d6
14.e4 dxe4
15.Nc3xe4 Nf6xe4
16.Re1xe4 h6
17.Bg5h4 Nd7b6
18.Rc1e1 Qc7d7
19.Re4xe8 Ra8xe8
20.Re1xe8 Qd7xe8
21.Bh4g3 Bd6xg3
22.hxg3 Nb6d5
23.Nf3e5 f6
24.Ne5g6 Qe8e1
25.Qd3f1 Qe1xf1
26.Kxf1 Kf7
27.Ng6h4 Ke6
28.Ke2 g5
29.Nh4g6 Kf5
30.Ng6f8 Ke4
31.Nf8e6 Nd5e7
32.Ne6d8 b6
33.Nd8e6 Ne7f5
34.Kd2 Nf5xd4
35.Ne6xd4 Kxd4
36.Kc2 c5
37.Kd2 c4
38.f3 { time. }
0-1

[Event "Tourn. n9053"]
[Site "www.chess-mail.com"]
[Date "2017.01.26"]
[Round "1"]
[White "Roque1"]
[Black "Falcoale"]
[WhiteElo "1710"]
[BlackElo "1880"]
[Result "1-0"]
[Round "1"]
1.e4 c5
2.Ng1f3 Nb8c6
3.Bf1b5 a6
4.Bb5a4 b5
5.d4 bxa4
6.d5 Nc6a7
7.c4 d6
8.Qd1xa4 Bc8d7
9.Qa4xa6 Ng8f6
10.Nb1c3 e6
11.Bc1g5 Bf8e7
12.Bg5xf6 Be7xf6
13.Qa6xd6 Bf6e7
14.Qd6e5 O-O
15.d6 Be7f6
16.Qe5xc5 Bf6xc3
17.bxc3 Na7c6
18.O-O Ra8a5
19.Qc5e3 Nc6e5
20.Nf3xe5 f6
21.Ne5xd7 Qd8xd7
22.Ra1b1 Ra5xa2
23.Rb1b6 e5
24.c5 Rf8c8
25.Rf1b1 Ra2a8
26.h3 h6
27.Rb6b7 Qd7c6
28.d7 Rc8d8
29.Rb1b6 Qc6a4
30.c6 Kh7
31.c7 Rd8xd7
32.c8Q Qa4d1
33.Kh2 Ra8xc8
34.Rb7xd7 Qd1xd7
35.Qe3c1 Qd7d4
36.cxd4 Rc8xc1
37.d5 Rc1d1
38.Kg3 Rd1d3
39.f3 Kg6
40.Kg4 Rd3d2
41.g3 Rd2d3
42.h4 h5
43.Kh3 Rd3xf3
44.Kg2 Rf3e3
45.d6 Re3xe4
46.Rb6b7 Re4d4
47.d7 e4
48.Kf2 f5
49.Ke3 Rd4d3
50.Kf4 Kf6
51.Rb7c7 e3
52.Kf3 Ke7
53.d8Q { resign }
1-0

[Event "Tourn. n9092"]
[Site "www.chess-mail.com"]
[Date "2017.01.26"]
[Round "1"]
[White "Bojan"]
[Black "Osopanda"]
[WhiteElo "2050"]
[BlackElo "2010"]
[Result "1-0"]
[Round "1"]
1.d4 d5
2.c4 e6
3.a3 Ng8f6
4.e3 c6
5.b4 Bf8e7
6.c5 Nb8d7
7.Bc1b2 O-O
8.Bf1d3 Rf8e8
9.Nb1d2 Be7f8
10.h4 e5
11.f3 exd4
12.Bb2xd4 Nd7e5
13.Bd3e2 Bc8f5
14.g4 Bf5e6
15.Bd4xe5 d4
16.Be5xd4 Nf6d5
17.Ng1h3 Qd8xh4
18.Nh3f2 Qh4g3
19.Rh1h3 Qg3g1
20.Be2f1 Nd5f4
21.Nd2e4 Nf4g2
22.Kd2 Ra8d8
23.Rh3h1 Qg1xh1
24.Nf2xh1 Ng2f4
25.Kc3 Nf4d5
26.Kb2 Nd5xe3
27.Qd1d3 Ne3xf1
28.Ra1xf1 b5
29.cxb6 axb6
30.Qd3c3 c5
31.bxc5 bxc5
32.Bd4xc5 Rd8b8
33.Ka1 Re8c8
34.Rf1c1 Rb8b3
35.Qc3e5 Rb3xf3
36.Qe5b2 Rf3b3
37.Qb2d4 Bf8xc5
38.Rc1xc5 Rb3xa3
39.Kb2 Ra3a2
40.Kc1 Rc8xc5
41.Qd4xc5 h6
42.Qc5d4 Ra2h2
43.Nh1f2 h5
44.gxh5 Rh2xh5
45.Qd4d8 Kh7
46.Ne4g5 Kg6
47.Ng5xe6 fxe6
48.Qd8f8 Rh5f5
49.Qf8e8 Kg5
50.Nf2h3 Kg4
51.Qe8xe6 { resign }
1-0

[Event "Tourn. n9127"]
[Site "www.chess-mail.com"]
[Date "2017.01.26"]
[Round "1"]
[White "Jazzy"]
[Black "Greghghs"]
[WhiteElo "2360"]
[BlackElo "2340"]
[Result "0-1"]
[Round "1"]
1.Ng1f3 Ng8f6
2.b3 g6
3.Bc1b2 Bf8g7
4.e4 d6
5.Bf1c4 O-O
6.Qd1e2 e5
7.O-O Nb8c6
8.d3 Bc8g4
9.c3 d5
10.exd5 Nf6xd5
11.Qe2e4 Nd5f4
12.d4 Bg4f5
13.Qe4e3 Bg7h6
14.Kh1 e4
15.Nf3e1 Nc6a5
16.Bc4e2 Bh6g5
17.h4 Bg5h6
18.g3 Nf4xe2
19.Qe3xh6 e3
20.Ne1f3 Qd8d5
21.Kg2 Rf8e8
22.fxe3 Qd5d6
23.Nf3e5 Re8xe5
24.dxe5 Qd6xe5
25.Nb1d2 Qe5xg3
{ resign }
0-1

[Event "Tourn. n9065"]
[Site "www.chess-mail.com"]
[Date "2017.01.26"]
[Round "1"]
[White "Orhany24"]
[Black "Hundegana"]
[WhiteElo "2220"]
[BlackElo "2000"]
[Result "1-0"]
[Round "1"]
1.e4 c5
2.Ng1f3 g6
3.d4 Bf8g7
4.c3 cxd4
5.cxd4 Nb8c6
6.Nb1c3 a6
7.Bf1c4 e6
8.O-O b5
9.Bc4b3 Ng8e7
10.a4 b4
11.Nc3e2 O-O
12.Bc1e3 a5
13.Ra1c1 Bc8a6
14.Rf1e1 Ba6xe2
15.Qd1xe2 Kh8
16.Re1d1 f6
17.Nf3e1 f5
18.f3 fxe4
19.fxe4 Rf8f7
20.Ne1f3 h5
21.Nf3g5 Rf7f8
22.Rd1f1 Rf8xf1
23.Rc1xf1 Kg8
24.Rf1f7 Bg7h6
25.Qe2f2 Bh6xg5
26.Be3xg5 Qd8e8
27.Rf7f6 Kg7
28.h4 Qe8g8
29.d5 Nc6e5
30.Qf2f4 d6
31.dxe6 Ra8e8
32.Bg5h6 Kh8
33.Rf6f8 Re8xf8
34.Bh6xf8 Ne7c6
35.Qf4h6 Qg8h7
36.Qh6xh7 Kxh7
37.e7 Nc6xe7
38.Bf8xe7 Ne5d3
39.Be7xd6 Nd3xb2
40.e5 Kg7
41.Bd6c7 Nb2d3
42.e6 Kf8
43.Bc7d6 Ke8
44.Bb3d5 b3
45.Bd5c6 Kd8
46.e7 Kc8
47.e8Q 
1-0

[Event "Tourn. n9129"]
[Site "www.chess-mail.com"]
[Date "2017.01.26"]
[Round "1"]
[White "Sachpat"]
[Black "Jazzy"]
[WhiteElo "2580"]
[BlackElo "2389"]
[Result "1-0"]
[Round "1"]
1.e4 e5
2.Ng1f3 Ng8f6
3.Nf3xe5 Qd8e7
4.d4 Nf6xe4
5.Bf1d3 Ne4f6
6.O-O d6
7.Ne5f3 Qe7d7
8.Rf1e1 Bf8e7
9.c4 O-O
10.Nb1c3 c6
11.Bc1g5 Nb8a6
12.Bd3c2 Be7d8
13.h3 Na6c7
14.Qd1d3 Nc7e8
15.d5 h6
16.Bg5h4 a6
17.b4 a5
18.b5 c5
19.Re1e2 b6
20.Ra1e1 g6
21.Bh4g3 Kg7
22.Bg3f4 Ra8b8
23.Nc3a4 Nf6g8
24.Nf3e5 dxe5
25.Bf4xe5 Kh7
26.Be5xb8 Ne8g7
27.Qd3g3 Ng8f6
28.Qg3d6 Qd7xd6
29.Bb8xd6 Rf8g8
30.Bd6e7 { resign }
1-0

[Event "Tourn. n9147"]
[Site "www.chess-mail.com"]
[Date "2017.01.26"]
[Round "1"]
[White "Scasan55"]
[Black "Roque1"]
[WhiteElo "1980"]
[BlackElo "1870"]
[Result "0-1"]
[Round "1"]
1.e4 c5
2.Ng1f3 e6
3.d4 cxd4
4.Nf3xd4 Bf8c5
5.Nb1c3 Qd8b6
6.Nc3a4 Qb6a5
7.Na4c3 Qa5b6
8.Nc3a4 Qb6a5
9.Na4c3 Bc5xd4
10.Bc1d2 Ng8f6
11.Nc3d5 Qa5c5
12.Nd5e3 Nf6xe4
13.Bf1d3 Ne4xd2
14.Qd1xd2 Bd4xb2
15.Ra1b1 Bb2c3
{ resign }
0-1

[Event "Tourn. n9093"]
[Site "www.chess-mail.com"]
[Date "2017.01.26"]
[Round "1"]
[White "Pachi"]
[Black "Cal"]
[WhiteElo "1490"]
[BlackElo "1590"]
[Result "0-1"]
[Round "1"]
1.e4 e5
2.Ng1f3 d6
3.Bf1b5 c6
4.Bb5d3 Bc8g4
5.O-O h6
6.b4 Ng8f6
7.Bc1b2 g5
8.c4 a6
9.b5 c5
10.Qd1a4 Nb8d7
11.Bd3c2 Bg4xf3
12.gxf3 Nd7b6
13.Qa4a3 Bf8e7
14.bxa6 Ra8xa6
15.Qa3b3 O-O
16.Nb1c3 Nf6d7
17.Nc3e2 Nd7f6
18.a4 Qd8d7
19.a5 Nb6c8
20.Ne2g3 Nf6h7
21.Ng3f5 Be7f6
22.Nf5xh6 Kh8
23.Nh6f5 Nc8a7
24.Kh1 Na7c6
25.Bb2c3 Rf8g8
26.Rf1g1 Nc6d8
27.Qb3b2 Nd8c6
28.Rg1g4 Rg8g6
29.Bc2a4 Qd7c7
30.Ba4b5 Ra6a8
31.a6 Nc6d4
32.Bc3a5 b6
33.Nf5xd4 cxd4
34.Ba5b4 Bf6g7
35.f4 exf4
36.f3 d3
37.Qb2b3 Bg7xa1
38.Qb3xd3 Nh7f6
39.Bb4xd6 Qc7d8
40.Rg4g1 Ba1b2
41.h3 Rg6h6
42.Kh2 Nf6h5
43.Rg1xg5 Qd8xg5
44.Qd3c2 Qg5g3
45.Kh1 Qg3xf3
46.Kg1 Ra8g8
47.Kh2 Qf3g2
{ resign }
0-1